000 00495nam a22001457a 4500
999 _c47836
_d47836
005 20181126135627.0
020 _a812431277-X
_c100.00
035 _aB-190307 B-190335
082 _a921
245 _aDreams to reality :
_ba biography of Dr. A. P. J Abdul Kalam /
_cby Srinivas laxman ; illustrated by Prabhakar Wairkar
260 _aMumbai
_bNavneet publications
_c2005
300 _a112p.
_bill.
_c22cm (Hb)
700 _aWairkar, Prabhakar
_922016
942 _2ddc
_cEN
_h921
_mABD